000 00368 a2200157 4500
001 74089
020 _a8570566646
040 _cAnchieta - Colégio São Paulo
240 1 0 _aO índio e a conquista portuguesa
_lpor
245 1 0 _aO índio e a conquista portuguesa
300 _a83
362 0 _a1994
440 1 _aAtual
650 4 _aHistória do mundo
942 _cBK
999 _c74089
_d74089